| 000 | 00423nam a22001337a 4500 | ||
|---|---|---|---|
| 082 |
_a624.17 _bAES _cL-21, P-22 |
||
| 100 |
_aFaber, Oscar _942879 |
||
| 245 |
_aThe Aesthetic Aspect of Civil Engineering Design _cFaber, Oscar |
||
| 260 |
_aWestminster S.W.1 _bThe Institute of Civil Engineers _cc1945. |
||
| 300 |
_ap 120. _bill _c25cm. |
||
| 526 |
_a0 _b0 _c0 _d624_170000000000000_AES |
||
| 650 |
_aMCE. _9379 |
||
| 942 |
_2ddc _cBK |
||
| 999 |
_c546700 _d546700 |
||